000 00456nam a2200181Ia 4500
001 11277
005 20260306161934.0
008 260306t1967||||xx |||||||||||||| ||spa||
041 _aESP
082 _a985.02
_bP78A
100 _aPorras Barrenechea, Raúl
_eAUT
245 0 _aLas relaciones primitivas de la conquista del Perú
260 _c1967
300 _a106 páginas :
_c21 cm.
650 _aGEN
654 _aCHU
942 _cLIB
_dJUS
_fJUS
_2ddc
_n
999 _c11277
_d11277